000 00574cam a22002053a 4500
001 41690
003 PGUSA
005 20140828083936.0
008 121222s2012||||xxu|||||s|||||000 | eng d
040 _aPGUSA
_beng
042 _adc
100 1 _aKjelgaard, Jim,
_d1910-1959
245 1 0 _aTrading Jeff and his Dog
_h[electronic resource] /
_cJim Kjelgaard
260 _bProject Gutenberg,
_c2012
506 _aPublic domain in the USA.
516 _aElectronic text
830 0 _aProject Gutenberg
_v41690
856 4 0 _uhttp://www.gutenberg.org/ebooks/41690
942 _cEB
999 _c270942
_d270942